000
00261nam a22001217a 4500
008
190205b xxu||||| |||| 00| 0 eng d
041
_a
eng
080
_a
371
100
_a
46
101
_a
EDU
245
_a
Total Communication
_c
Schaeffer,B
942
_2
udc
_c
BK
999
_c
54031
_d
54031